书目信息 |
| 题名: |
资源型城市产业兴衰与转化之规律
|
|
| 作者: | 聂亚珍 , 张云 , 姜学勤 著 | |
| 分册: | ||
| 出版信息: | 北京 中国书籍出版社 2013 |
|
| 页数: | 282页 | |
| 开本: | 24cm | |
| 丛书名: | 中国书籍文库 | |
| 单 册: | ||
| 中图分类: | F299.2 | |
| 科图分类: | ||
| 主题词: | 城市经济--产业结构调整--研究--中国 , 城市经济 , 产业结构调整 | |
| 电子资源: | ||
| ISBN: | 978-7-5068-3131-4 | |
| 000 | 01773nam0 22003251 450 | |
| 001 | 519 | |
| 005 | 20140909093627.48 | |
| 010 | @a978-7-5068-3131-4@dCNY55.00 | |
| 100 | @a20130121d2013 em y0chiy50 ea | |
| 101 | 0 | @achi |
| 102 | @aCN@b110000 | |
| 105 | @ay z 000yy | |
| 106 | @ar | |
| 200 | 1 | @a资源型城市产业兴衰与转化之规律@AZi Yuan Xing Cheng Shi Chan Ye Xing Shuai Yu Zhuai Hua Zhi Gui Lv@dThe law of development and switch of industries in resource-exhausted cities@f聂亚珍,张云,姜学勤著@FNie Ya Zhen, Zhang Yun, Jiang Xue Qin Zhu@zeng |
| 210 | @a北京@c中国书籍出版社@d2013 | |
| 215 | @a282页@d24cm | |
| 225 | 2 | @a中国书籍文库@i经济与管理 |
| 300 | @a湖北省人文社科基地“资源枯竭城市转型与发展研究中心” “长江中游矿冶文化与经济发展研究中心” 教育部人文社科基金项目《要素价格扭曲与宏观调控的有效性》的资金支持 | |
| 330 | @a本书基于国家资源型城市转型试点的需要,从产业兴衰与转化的一般理论出发,利用一般产业兴衰与转化的机理分析了资源型城市产业的特征和特殊的演化规律。在此基础上,运用波士顿矩阵分析了资源型城市在产业转型过程中主导产业的选择原则。资源型城市的主导产业的发展战略,必须与资源型城市衰退产业的调整、接替产业的发展相协调,在产业的配套发展中必须进行主导产业创新。通过资源型城市产业兴衰与转化的实证分析,指出了政策保障在资源型城市产业兴衰与转化中的重要作用。 | |
| 461 | 0 | @12001 @a中国书籍文库 |
| 510 | 1 | @aLaw of development and switch of industries in resource-exhausted cities@zeng |
| 606 | 0 | @a城市经济@x产业结构调整@x研究@y中国 |
| 606 | 0 | @a城市经济 |
| 606 | 0 | @a产业结构调整 |
| 690 | @aF299.2@v5 | |
| 701 | 0 | @a聂亚珍@ANie Ya Zhen@g(女,@f1966~)@4著 |
| 701 | 0 | @a张云@AZhang Yun@g(马克思主义)@4著 |
| 701 | 0 | @a姜学勤@AJiang Xue Qin@f(1971~)@4著 |
| 801 | 0 | @aCN@bTANGWEI@c20140603 |
| 905 | @b0836607-09@dF299.2@e1175@f3 | |
| 资源型城市产业兴衰与转化之规律=The law of development and switch of industries in resource-exhausted cities/聂亚珍,张云,姜学勤著.-北京:中国书籍出版社,2013 |
| 282页;24cm.-(中国书籍文库.经济与管理) |
| 湖北省人文社科基地“资源枯竭城市转型与发展研究中心” “长江中游矿冶文化与经济发展研究中心” 教育部人文社科基金项目《要素价格扭曲与宏观调控的有效性》的资金支持 |
| ISBN 978-7-5068-3131-4:CNY55.00 |
| 本书基于国家资源型城市转型试点的需要,从产业兴衰与转化的一般理论出发,利用一般产业兴衰与转化的机理分析了资源型城市产业的特征和特殊的演化规律。在此基础上,运用波士顿矩阵分析了资源型城市在产业转型过程中主导产业的选择原则。资源型城市的主导产业的发展战略,必须与资源型城市衰退产业的调整、接替产业的发展相协调,在产业的配套发展中必须进行主导产业创新。通过资源型城市产业兴衰与转化的实证分析,指出了政策保障在资源型城市产业兴衰与转化中的重要作用。 |
| ● |
| 相关链接 |
|
|
|
|
正题名:资源型城市产业兴衰与转化之规律
索取号:F299.2/1175
 
预约/预借
| 序号 | 登录号 | 条形码 | 馆藏地/架位号 | 状态 | 备注 |
| 1 | 0836607 | 208366070 | 第一样本阅览室/ [索取号:F299.2/1175] | 在馆 | |
| 2 | 0836608 | 208366089 | 第一借阅区/ [索取号:F299.2/1175] | 在馆 | |
| 3 | 0836609 | 208366098 | 密集书库-海洋学院/ [索取号:F299.2/1175] | 在馆 |